000 00584nam a2200157 a 4500
008 150603s2005 ||||||||||||||||| || u
020 _a9781579584542
050 _aDT 20 Enc
100 _aShilington, Kevin
245 1 0 _aEncyclopedia of african history: Volume 2 H-O
_cEdited By Kevin Shillington
260 _aNew York:
_bFitzroy Dearborn
_c2005
300 _axix, 1184p.: ill.
350 _a12.85
650 _aAFRICA--HISTORY--ENCYCLOPEDIAS
995 _FCBU-MAIN LIBRARY (Kitwe)
_I12.85
_M1
_UAVAILABLE
_WJul 14, 2015
_ZReference Collection
999 _c41811
_d41811